|
|
|
|
| LEADER |
02399nam a22003853i 4500 |
| 001 |
EBC6956107 |
| 003 |
MiAaPQ |
| 005 |
20231204023223.0 |
| 006 |
m o d | |
| 007 |
cr cnu|||||||| |
| 008 |
231204s2019 xx o ||||0 ger d |
| 020 |
|
|
|a 9783839449134
|q (electronic bk.)
|
| 020 |
|
|
|z 9783837649130
|
| 035 |
|
|
|a (MiAaPQ)EBC6956107
|
| 035 |
|
|
|a (Au-PeEL)EBL6956107
|
| 035 |
|
|
|a (OCoLC)1114843247
|
| 040 |
|
|
|a MiAaPQ
|b eng
|e rda
|e pn
|c MiAaPQ
|d MiAaPQ
|
| 100 |
1 |
|
|a Koch, Marcus.
|
| 245 |
1 |
0 |
|a Nation Europa! :
|b Warum aus der Europäischen Union die Europäische Nation werden muss.
|
| 250 |
|
|
|a 1st ed.
|
| 264 |
|
1 |
|a Bielefeld :
|b transcript,
|c 2019.
|
| 264 |
|
4 |
|c {copy}2019.
|
| 300 |
|
|
|a 1 online resource (179 pages)
|
| 336 |
|
|
|a text
|b txt
|2 rdacontent
|
| 337 |
|
|
|a computer
|b c
|2 rdamedia
|
| 338 |
|
|
|a online resource
|b cr
|2 rdacarrier
|
| 490 |
1 |
|
|a Edition Politik
|
| 505 |
0 |
|
|a Cover -- Inhalt -- Vorwort -- Einleitung -- I. Bewusstsein und Bekenntnis - Was ist eine Nation? -- 1. Nation und Moderne -- 2. Die Funktion der Nation -- 3. Nation und Staat -- 4. Das nationale Potential -- II. Nutzen und Potential - Die nützliche Nation -- 1. Terror -- 2. Die »Flüchtlingskrise« -- 3. Nationale Potentiale -- III. Beharren und Behindern - Die verhinderte Nation -- 1. Der Harte Faktor - Der Nationalstaat in der Architektur der Europäischen Union und Europäischen Integration -- 2. Der weiche Faktor - Der Nationalstaat in der massenmedialen Kommunikation -- IV. Selbstverwirklichung und Unruhe - Die unvermeidbare Nation -- 1. Volk, Demokratie und Verfassung -- 2. Unruhestifter -- V. Die unendliche Aufgabe - Das erwachsende Europa -- 1. Europa wird erwachsen -- 2. Europa muss erwachsener werden -- Literatur -- Monographien -- Internetquellen -- Vertragestexte -- Zeitungen.
|
| 588 |
|
|
|a Description based on publisher supplied metadata and other sources.
|
| 590 |
|
|
|a Electronic reproduction. Ann Arbor, Michigan : ProQuest Ebook Central, 2023. Available via World Wide Web. Access may be limited to ProQuest Ebook Central affiliated libraries.
|
| 655 |
|
4 |
|a Electronic books.
|
| 776 |
0 |
8 |
|i Print version:
|a Koch, Marcus
|t Nation Europa!
|d Bielefeld : transcript,c2019
|z 9783837649130
|
| 797 |
2 |
|
|a ProQuest (Firm)
|
| 830 |
|
0 |
|a Edition Politik
|
| 856 |
4 |
0 |
|u https://ebookcentral.proquest.com/lib/matrademy/detail.action?docID=6956107
|z Click to View
|